Quick Pick: Tom Jones or Tommy Lee Jones Quiz Stats

 Plays Quiz Updated Nov 2, 2018

Score 0/14 Timer 00:45
0 Plays Today
% Correct
Tom Jones
96.4%
Tom Jones
96.2%
Tommy Lee Jones
95.9%
Tom Jones
95.7%
Tommy Lee Jones
95.5%
Tom Jones
94.2%
Tom Jones
93.9%
% Correct
Tommy Lee Jones
93.9%
Tommy Lee Jones
90.6%
Tom Jones
88.8%
Tom Jones
85.2%
Tommy Lee Jones
81.7%
Tommy Lee Jones
77.5%
Tommy Lee Jones
72.7%

Today's Daily Dose

You're not logged in!

Compare scores with friends on all Sporcle quizzes.
OR
Log In

Sporcle TV

Today on Sporcle TV


Watch our educational content, quiz creation guides, and fun videos on Sporcle TV.

Show Comments

Extras

Top Quizzes Today


Score Distribution

Your Account Isn't Verified!

In order to create a playlist on Sporcle, you need to verify the email address you used during registration. Go to your Sporcle Settings to finish the process.

Report this User

Report this user for behavior that violates our Community Guidelines.

Details: